000 00462nam a2200181Ia 4500
001 20348
005 20260306172759.0
008 260306t2022||||xx |||||||||||||| ||spa||
041 _aESP
082 _a343.2
_bG86
100 _aGuerra-Cerrón, María Elena
_eAUT
245 0 _aLas garantías del debido proceso en sede constitucional
260 _c2022
300 _a301 páginas :
_c25 cm.
650 _aGEN
654 _aCDE
942 _cLIB
_dJUS
_fJUS
_2ddc
_n
999 _c20348
_d20348